The school in the bush : (Record no. 20832)

MARC details
000 -LEADER
fixed length control field 00849nam a2200241Ia 4500
008 - FIXED-LENGTH DATA ELEMENTS--GENERAL INFORMATION
fixed length control field 210303s9999 xx 000 0 und d
016 ## - NATIONAL BIBLIOGRAPHIC AGENCY CONTROL NUMBER
Source reto2022b
040 ## - CATALOGING SOURCE
Original cataloging agency NLN
Language of cataloging English
Description conventions AACR2
100 ## - MAIN ENTRY--AUTHOR
Author MURRAY, Albert Victor
Dates associated with a name 1890
Relator term aut
245 #4 - TITLE STATEMENT
Title The school in the bush :
Remainder of title a critical study of the theory and practice of native education in Africa /
Statement of responsibility, etc Albert Victor Murray
260 ## - PUBLICATION, DISTRIBUTION, ETC. (IMPRINT)
Place of publication London :
Name of publisher Longmans, Green & Co.,
Date of publication 1938
300 ## - COLLATION
Pagination xxiv 454p. :
Other physical details ill., maps ; 22cm
500 ## - GENERAL NOTE
General note Includes bibliographical references
563 ## - BINDING INFORMATION
Binding note (pbk)
650 ## - TRACINGS
Main Subject Education
Subdivision (1st) Africa
650 ## - TRACINGS
Main Subject Indigenous peoples
Subdivision (1st) Africa
650 ## - TRACINGS
Main Subject African American
Subdivision (1st) Race relations
650 ## - TRACINGS
Main Subject African Americans
Subdivision (1st) Education
942 ## - ADDED ENTRY ELEMENTS (KOHA)
Suppress in OPAC No
Item type Books
050 ## - LIBRARY OF CONGRESS CALL NUMBER
Classification number LC2808.A2
Item number M981
082 ## - DEWEY DECIMAL CLASSIFICATION NUMBER
Classification number 370.96
Holdings
Withdrawn status Lost status Source of classification or shelving scheme Damaged status Not for loan Home library Current library Date acquired Total Checkouts Full call number Barcode. Date last seen Price effective from Koha item type
    Library of Congress Classification     LAGOS BRANCH National Library of Nigeria 04/03/2021   LC2808.A2 M984 2024-555555550998468 04/03/2021 04/03/2021 Books

National Library of Nigeria OPAC is powered by Koha